Normal view
MARC view
- Alsina i Pastells, Angel
Entry Nombre Personal
001 - NUMERO DE CONTROL
- campo de control: 30697
003 - IDENTIFICADOR DE NUMERO DE CONTROL
- campo de control: UPN
005 - FECHA Y HORA DE LA ÜLTIMA TRANSACCIÓN
- campo de control: 20250226133525.0
008 - DATOS DE LONGITUD FIJA
- campo de control de longitud fija: nabaccnnaabn|||||||||| b |nc|||||d
035 ## - NUMERO DE CONTROL
- Número de control: UPN11000002803
040 ## - FUENTE DE CATALOGACIÓN
- Lenguaje de catalogación: SPA
- Agencia de transcripción: UPN
- Agencia original de catalogación: MX-MxUPN
100 1# - ENCABEZAMIENTO - NOMBRE PERSONAL
- Nombre personal: Alsina i Pastells, Angel
371 ## - DIRECCIÓN
- Electronic mail address: angel.alsina@udg.edu
400 1# - VEÁSE - NOMBRE DE PERSONA
- Personal name: Alsina, Angel
670 ## - FUENTE EN LA QUE SE LOCALIZARON DATOS
- Cita de la fuente: T
- Uniform Resource Identifier: http://books.google.com.mx/books/about/Mat%C3%A9matica_inclusiva.html?id=e451LcxM3M0C
680 ## - NOTA PUBLICA DE ACCESO PÚBLICO
- Frase explicativa de la referencia: Psicólogo español y profesor de didáctica de las matemáticas
902 ## - CATALOGADOR
- Catalogador: CAA/250111
